NHL Stanley Cup Playoffs Final 4 Teams - Statistics

General Stats
  • This quiz has been taken 37 times
  • The average score is 56 of 100
Answer Stats
Year Placement Seed Answer % Correct
2025 Stanley Cup Runner-Up P3 Edmonton Oilers
85%
2025 Stanley Cup Champion A3 Florida Panthers
85%
2024 Stanley Cup Runner-Up P2 Edmonton Oilers
81%
2024 Stanley Cup Champion A1 Florida Panthers
81%
2025 Eastern Conference Finalist M2 Carolina Hurricanes
78%
2022 Stanley Cup Champion C1 Colorado Avalanche
78%
2025 Western Conference Finalist C2 Dallas Stars
78%
2023 Stanley Cup Runner-Up WC2 Florida Panthers
78%
2022 Stanley Cup Runner-Up A3 Tampa Bay Lightning
78%
2023 Stanley Cup Champion P1 Vegas Golden Knights
78%
2020 Stanley Cup Champion E2 Tampa Bay Lightning
74%
2021 Stanley Cup Champion C3 Tampa Bay Lightning
74%
2018 Stanley Cup Champion M1 Washington Capitals
74%
2015 Stanley Cup Champion C3 Chicago Blackhawks
70%
2020 Stanley Cup Runner-Up W3 Dallas Stars
70%
2024 Western Conference Finalist C1 Dallas Stars
70%
2022 Western Conference Finalist P2 Edmonton Oilers
70%
2024 Eastern Conference Finalist M1 New York Rangers
70%
2016 Stanley Cup Champion M2 Pittsburgh Penguins
70%
2015 Stanley Cup Runner-Up A2 Tampa Bay Lightning
70%
2018 Stanley Cup Runner-Up P1 Vegas Golden Knights
70%
2023 Eastern Conference Finalist M1 Carolina Hurricanes
67%
2010 Stanley Cup Champion W2 Chicago Blackhawks
67%
2013 Stanley Cup Champion W1 Chicago Blackhawks
67%
2023 Western Conference Finalist C2 Dallas Stars
67%
2014 Stanley Cup Champion P3 Los Angeles Kings
67%
2021 Stanley Cup Runner-Up N4 Montreal Canadiens
67%
2014 Stanley Cup Runner-Up M2 New York Rangers
67%
2010 Stanley Cup Runner-Up E7 Philadelphia Flyers
67%
2009 Stanley Cup Champion E4 Pittsburgh Penguins
67%
2017 Stanley Cup Champion M2 Pittsburgh Penguins
67%
2016 Stanley Cup Runner-Up P3 San Jose Sharks
67%
2019 Stanley Cup Champion C3 St. Louis Blues
67%
2011 Stanley Cup Champion E3 Boston Bruins
63%
2013 Stanley Cup Runner-Up E4 Boston Bruins
63%
2019 Stanley Cup Runner-Up A2 Boston Bruins
63%
2001 Stanley Cup Champion W1 Colorado Avalanche
63%
2012 Stanley Cup Champion W8 Los Angeles Kings
63%
2017 Stanley Cup Runner-Up WC2 Nashville Predators
63%
2000 Stanley Cup Champion E4 New Jersey Devils
63%
2003 Stanley Cup Champion E2 New Jersey Devils
63%
2012 Stanley Cup Runner-Up E6 New Jersey Devils
63%
2018 Eastern Conference Finalist A1 Tampa Bay Lightning
63%
2011 Stanley Cup Runner-Up W1 Vancouver Canucks
63%
2018 Western Conference Finalist C2 Winnipeg Jets
63%
2007 Stanley Cup Champion W2 Anaheim Ducks
59%
2004 Stanley Cup Runner-Up W6 Calgary Flames
59%
2002 Stanley Cup Champion W1 Detroit Red Wings
59%
2009 Stanley Cup Runner-Up W2 Detroit Red Wings
59%
2020 Eastern Conference Finalist E6 New York Islanders
59%
2021 Eastern Conference Finalist E4 New York Islanders
59%
2022 Eastern Conference Finalist M2 New York Rangers
59%
2008 Stanley Cup Runner-Up E2 Pittsburgh Penguins
59%
2004 Stanley Cup Champion E1 Tampa Bay Lightning
59%
2016 Eastern Conference Finalist A2 Tampa Bay Lightning
59%
2020 Western Conference Finalist W1 Vegas Golden Knights
59%
2003 Stanley Cup Runner-Up W7 Anaheim Ducks
56%
2017 Western Conference Finalist P1 Anaheim Ducks
56%
2019 Eastern Conference Finalist WC1 Carolina Hurricanes
56%
2008 Stanley Cup Champion W1 Detroit Red Wings
56%
2015 Eastern Conference Finalist M1 New York Rangers
56%
2019 Western Conference Finalist P2 San Jose Sharks
56%
2015 Western Conference Finalist P1 Anaheim Ducks
52%
2006 Stanley Cup Champion E2 Carolina Hurricanes
52%
2014 Western Conference Finalist C3 Chicago Blackhawks
52%
2013 Western Conference Finalist W5 Los Angeles Kings
52%
2001 Stanley Cup Runner-Up E1 New Jersey Devils
52%
2007 Stanley Cup Runner-Up E4 Ottawa Senators
52%
2017 Eastern Conference Finalist A2 Ottawa Senators
52%
2021 Western Conference Finalist W2 Vegas Golden Knights
52%
2000 Stanley Cup Runner-Up W2 Dallas Stars
48%
2006 Stanley Cup Runner-Up W8 Edmonton Oilers
48%
2012 Eastern Conference Finalist E1 New York Rangers
48%
2013 Eastern Conference Finalist E1 Pittsburgh Penguins
48%
2016 Western Conference Finalist C2 St. Louis Blues
48%
2000 Western Conference Finalist W3 Colorado Avalanche
44%
2002 Stanley Cup Runner-Up E3 Carolina Hurricanes
41%
2002 Western Conference Finalist W2 Colorado Avalanche
41%
2014 Eastern Conference Finalist A3 Montreal Canadiens
41%
2012 Western Conference Finalist W3 Phoenix Coyotes
41%
2007 Eastern Conference Finalist E1 Buffalo Sabres
37%
2007 Western Conference Finalist W1 Detroit Red Wings
37%
2003 Eastern Conference Finalist E1 Ottawa Senators
37%
2000 Eastern Conference Finalist E1 Philadelphia Flyers
37%
2011 Western Conference Finalist W2 San Jose Sharks
37%
2002 Eastern Conference Finalist E4 Toronto Maple Leafs
37%
2003 Western Conference Finalist W6 Minnesota Wild
33%
2010 Eastern Conference Finalist E8 Montreal Canadiens
33%
2004 Eastern Conference Finalist E3 Philadelphia Flyers
33%
2008 Eastern Conference Finalist E6 Philadelphia Flyers
33%
2001 Eastern Conference Finalist E6 Pittsburgh Penguins
33%
2010 Western Conference Finalist W1 San Jose Sharks
33%
2011 Eastern Conference Finalist E5 Tampa Bay Lightning
33%
2006 Western Conference Finalist W6 Anaheim Ducks
30%
2006 Eastern Conference Finalist E4 Buffalo Sabres
30%
2004 Western Conference Finalist W2 San Jose Sharks
30%
2009 Eastern Conference Finalist E6 Carolina Hurricanes
26%
2008 Western Conference Finalist W5 Dallas Stars
26%
2001 Western Conference Finalist W4 St. Louis Blues
26%
2009 Western Conference Finalist W4 Chicago Blackhawks
22%
No matching quizzes found
Score Distribution
Percent of People with Each Score
Percentile by Number Answered
Your Score History
You have not taken this quiz